| 000 | 00665 a2200181 4500 | ||
|---|---|---|---|
| 999 |
_c462 _d462 |
||
| 020 | _a9780300103052 | ||
| 050 | _aBJ1500 SIN 2015 | ||
| 100 |
_aSinger, Peter _eauthor |
||
| 245 |
_aOne world : _bthe ethics of globalization / _cPeter Singer |
||
| 264 |
_aNew Haven, London : _bYale University Press, _c2015 |
||
| 300 | _axxv,235p. : | ||
| 440 | _aThe Terry lectures | ||
| 500 | _aIncludes bibliographical references (p. 203-225) and index | ||
| 650 |
_aGlobalization _xMoral and ethical aspects |
||
| 650 |
_aClimatic changes _xMoral and ethical aspects |
||
| 650 |
_aForeign trade regulation _xMoral and ethical aspects |
||
| 942 |
_2lcc _cBK _e2nd ed. _h1500 _iSIN _kBJ |
||